Welcome to WEB OPAC of MRSPTU Central Library

Heat Transfer (In SI Units) (Record no. 7425)

MARC details
000 -LEADER
fixed length control field 00488nam a2200181Ia 4500
008 - FIXED-LENGTH DATA ELEMENTS--GENERAL INFORMATION
fixed length control field 230711s9999||||xx |||||||||||||| ||und||
020 ## - INTERNATIONAL STANDARD BOOK NUMBER
International Standard Book Number 978-0-07-106967-0
041 ## - LANGUAGE CODE
Language code of text/sound track or separate title ENG
082 ## - DEWEY DECIMAL CLASSIFICATION NUMBER
Classification number 621.4022
Item number HO-H
100 ## - MAIN ENTRY--PERSONAL NAME
Personal name Holman,J.P
245 #0 - TITLE STATEMENT
Title Heat Transfer (In SI Units)
250 ## - EDITION STATEMENT
Edition statement 10th Ed.
260 ## - PUBLICATION, DISTRIBUTION, ETC.
Date of publication, distribution, etc. 2002
Place of publication, distribution, etc. Chennai
Name of publisher, distributor, etc. McGraw Hill Education(India) Private Limited..
300 ## - PHYSICAL DESCRIPTION
Extent 674p.
650 ## - SUBJECT ADDED ENTRY--TOPICAL TERM
Topical term or geographic name entry element Food Science and Technology
700 ## - ADDED ENTRY--PERSONAL NAME
Personal name Bhattacharyya, Souvik
942 ## - ADDED ENTRY ELEMENTS (KOHA)
Koha item type Book
Holdings
Withdrawn status Lost status Damaged status Not for loan Collection Home library Current library Date acquired Source of acquisition Cost, normal purchase price Inventory number Total checkouts Full call number Barcode Date last seen Price effective from Koha item type Date last checked out
          MRSPTU Central Library MRSPTU Central Library   Krishna Book Distributors 810.00 KBD/19-20/1120843601   621.4022 HO-H P1476 08/17/2023 08/17/2023 Book  
          MRSPTU Central Library MRSPTU Central Library   Technical Bureau India PVT.LTD 845.00 TB47244713 1 621.4022 HO-H P1886 12/05/2025 08/17/2023 Book 09/18/2025

Website Designed and Developed by MRSPTU Central Library Team

E-mail Id: librarian@mrsptu.ac.in